[Event "SR 4. liga A21 2012/2013"]
[Site "?"]
[Date "2012.10.14"]
[Round "1.6"]
[White "Drahos, Miroslav"]
[Black "Nemeckay, Rastislav"]
[Result "0-1"]
[WhiteElo "1652"]
[BlackElo "1980"]
[PlyCount "92"]
[EventDate "2012.??.??"]

1. e4 e5 2. Nf3 Nf6 3. Nxe5 d6 4. Nf3 Nxe4 5. d4 d5 6. Bd3 Bg4 7. O-O Bd6 8.
Re1 f5 9. Bg5 Qxg5 10. Bxe4 fxe4 11. Nxg5 Bxd1 12. Rxd1 O-O 13. Nd2 Rf5 14. Nh3
g5 15. g4 Rf6 16. Kg2 Nd7 17. Nf1 Bf4 18. Ne3 Bxe3 19. fxe3 Rf3 20. Nxg5 Rf6
21. Rf1 Rg6 22. Nxh7 Kxh7 23. Rf7+ Rg7 24. Rxg7+ Kxg7 25. Rf1 Rf8 26. Rxf8 Nxf8
27. Kg3 Ne6 28. h4 Kg6 29. b3 c6 30. c3 a5 31. a3 c5 32. Kf2 Kf6 33. Kg3 b6 34.
Kf2 b5 35. Kg3 cxd4 36. cxd4 a4 37. bxa4 bxa4 38. Kf2 Nc7 39. Ke2 Nb5 40. Kd2
Nxa3 41. Kc3 Nc4 42. Kb4 Nxe3 43. Kxa4 Nxg4 44. Kb3 Kf5 45. Kc3 Kf4 46. Kd2 Kf3
0-1

[Event "SR 4. liga A21 2012/2013"]
[Site "?"]
[Date "2012.10.14"]
[Round "1.6"]
[White "Ganzova, Veronika"]
[Black "Celustkova, Lubica"]
[Result "1/2-1/2"]
[WhiteElo "1369"]
[BlackElo "1611"]
[PlyCount "69"]
[EventDate "2012.??.??"]

1. e4 e5 2. Nf3 Nc6 3. Nc3 Nf6 4. Bc4 Be7 5. O-O O-O 6. d3 d6 7. h3 Na5 8. Bb3
Nxb3 9. axb3 Bd7 10. Be3 a6 11. d4 exd4 12. Qxd4 Bc6 13. Rfd1 Qc8 14. Nd5 Nxd5
15. exd5 Bf6 16. Qd2 Bd7 17. c3 Re8 18. Re1 Bf5 19. Bg5 Bxg5 20. Qxg5 Qd7 21.
Re3 Rxe3 22. Qxe3 Re8 23. Qf4 Be4 24. c4 Bxf3 25. Qxf3 Qe7 26. Kf1 Qe5 27. Kg1
Qxb2 28. Rd1 Qe2 29. Qxe2 Rxe2 30. Kf1 Re7 31. g3 a5 32. Ra1 b6 33. b4 a4 34.
Rxa4 g6 35. b5 1/2-1/2

[Event "SR 4. liga A21 2012/2013"]
[Site "?"]
[Date "2012.10.14"]
[Round "1.6"]
[White "Klimes, Juraj"]
[Black "Hornik, Andrej"]
[Result "1-0"]
[WhiteElo "1611"]
[BlackElo "1366"]
[PlyCount "63"]
[EventDate "2012.??.??"]

1. e4 e5 2. Nf3 Nc6 3. Bc4 Be7 4. c3 Nf6 5. d3 O-O 6. O-O d6 7. Re1 Bg4 8. Nbd2
Re8 9. Nf1 Qd7 10. Ng3 Rad8 11. h3 Be6 12. Bxe6 Qxe6 13. d4 exd4 14. cxd4 Qc4
15. b3 Qc3 16. Bd2 Qd3 17. Re3 Qa6 18. Bc3 d5 19. e5 Nd7 20. Rc1 Bb4 21. Qd2
Bxc3 22. Rexc3 Nf8 23. Nh4 Ne6 24. Ngf5 h6 25. Rg3 Kh7 26. Rcc3 Rg8 27. Rxg7+
Rxg7 28. Qxh6+ Kg8 29. Nxg7 Ncxd4 30. Nxe6 fxe6 31. Rxc7 Ne2+ 32. Kh2 1-0

[Event "SR 4. liga A21 2012/2013"]
[Site "?"]
[Date "2012.10.14"]
[Round "1.6"]
[White "Klimes, Karel"]
[Black "Dzurjaninova, Hana"]
[Result "1/2-1/2"]
[WhiteElo "1724"]
[BlackElo "1592"]
[PlyCount "59"]
[EventDate "2012.??.??"]

1. e4 e6 2. Nf3 d5 3. exd5 exd5 4. d4 Nf6 5. Bd3 Bd6 6. Bg5 Be6 7. Nc3 c6 8.
O-O Nbd7 9. Re1 O-O 10. Ne2 Qc7 11. Qd2 Bg4 12. Ne5 Bxe5 13. dxe5 Qxe5 14. c3
Qc7 15. Ng3 Rfe8 16. h3 Be6 17. f4 Nc5 18. Bb1 Nfe4 19. Nxe4 Nxe4 20. Bxe4 dxe4
21. Rxe4 Bd5 22. Rxe8+ Rxe8 23. b3 Qb6+ 24. Kh2 Qa5 25. Qc2 h6 26. Bh4 Qc5 27.
Re1 Rxe1 28. Bxe1 Qe3 29. Qf2 Qxf2 30. Bxf2 1/2-1/2

[Event "SR 4. liga A21 2012/2013"]
[Site "?"]
[Date "2012.10.14"]
[Round "1.6"]
[White "Miskev, Martin"]
[Black "Wallner, Juraj"]
[Result "1/2-1/2"]
[WhiteElo "1205"]
[BlackElo "1495"]
[PlyCount "57"]
[EventDate "2012.??.??"]

1. e4 c5 2. Nf3 e6 3. d4 d5 4. Nc3 Nf6 5. e5 Nfd7 6. Be2 cxd4 7. Qxd4 Nc6 8.
Qf4 Be7 9. Qg3 g6 10. O-O O-O 11. Re1 f6 12. Bd3 f5 13. Bg5 Bxg5 14. Nxg5 f4
15. Qh4 Qe7 16. Nb5 Ndxe5 17. Nd6 h5 18. Nb5 Nxd3 19. cxd3 Rf5 20. Nf3 Qb4 21.
Nc7 Rb8 22. b3 Qd6 23. Nb5 Qc5 24. Nc7 Nb4 25. Nxe6 Bxe6 26. Rxe6 Nxd3 27.
Rxg6+ Kf7 28. Rh6 d4 29. h3 1/2-1/2

[Event "SR 4. liga A21 2012/2013"]
[Site "?"]
[Date "2012.10.28"]
[Round "2.1"]
[White "Celustkova, Lubica"]
[Black "Pripko, Bystrik"]
[Result "1-0"]
[WhiteElo "1611"]
[BlackElo "1815"]
[PlyCount "70"]
[EventDate "2012.??.??"]

1. e4 e5 2. Nf3 Nc6 3. Bb5 a6 4. Ba4 b5 5. Bb3 Bc5 6. c3 d6 7. h3 h6 8. O-O Nf6
9. Re1 O-O 10. d3 Be6 11. Bc2 Bb6 12. Nbd2 Nh7 13. Nf1 Ne7 14. d4 Ng6 15. Ng3
Ng5 16. Bxg5 hxg5 17. Nh2 Nf4 18. Nf5 g6 19. Nh6+ Kg7 20. N6g4 f6 21. d5 Bd7
22. Qf3 Rh8 23. Qg3 Rh4 24. Nf3 Rh7 25. h4 Nh5 26. Qh3 Qc8 27. Nfh2 Nf4 28. Qf3
Rxh4 29. Bd1 Qh8 30. g3 Bxg4 31. Nxg4 Nh3+ 32. Kg2 Nxf2 33. Qxf6+ Kh7 34. Qxh8+
Kxh8 35. gxh4 Nxg4 1-0

[Event "SR 4. liga A21 2012/2013"]
[Site "?"]
[Date "2012.10.28"]
[Round "2.1"]
[White "Slaby, Jozef"]
[Black "Nemeckay, Rastislav"]
[Result "0-1"]
[WhiteElo "1890"]
[BlackElo "1980"]
[PlyCount "170"]
[EventDate "2012.??.??"]

1. d4 d5 2. c4 c6 3. e3 Nf6 4. Nf3 e6 5. Nbd2 Nbd7 6. Bd3 a6 7. O-O dxc4 8.
Nxc4 b5 9. Ncd2 c5 10. Be2 Bb7 11. b3 Be7 12. Bb2 O-O 13. a4 Qb6 14. Qb1 Rfd8
15. Bd3 h6 16. Rc1 Rac8 17. a5 Qa7 18. Re1 cxd4 19. Nxd4 Bb4 20. Rd1 Nc5 21.
N2f3 Nxd3 22. Qxd3 Bxf3 23. gxf3 e5 24. Nxb5 Qe7 25. Qe2 axb5 26. Rxd8+ Rxd8
27. Qxb5 Nd5 28. a6 Qc5 29. Qxc5 Bxc5 30. Rd1 Rd7 31. Bxe5 Nb6 32. Ra1 Na8 33.
Rc1 Bb6 34. Kf1 f6 35. Bd4 Ra7 36. Ra1 Bxd4 37. exd4 Nc7 38. Ke2 Kf7 39. Kd3
Ke6 40. Kc4 Kd6 41. b4 Rxa6 42. Rg1 Rc6+ 43. Kd3 g5 44. h4 Nd5 45. b5 Rc3+ 46.
Kd2 Rb3 47. hxg5 hxg5 48. Rh1 Rxb5 49. Rh8 Rb2+ 50. Ke1 Rb4 51. Rd8+ Ke6 52.
Re8+ Kd7 53. Re4 Kd6 54. Kf1 Nf4 55. Kg1 Kd5 56. Re8 Rb6 57. Kh2 Kxd4 58. Kg3
Re6 59. Ra8 Ke5 60. Ra5+ Nd5 61. Kg4 Rb6 62. Kg3 f5 63. Rc5 Rb3 64. Kg2 Rd3 65.
Ra5 Rd4 66. Rc5 Kf4 67. Ra5 Nb4 68. Rb5 Nc2 69. Rb1 Rd2 70. Kf1 Kxf3 71. Rb3+
Kf4 72. Kg2 g4 73. Kf1 Rd4 74. Rc3 Nb4 75. Ke2 Nd5 76. Ra3 Re4+ 77. Kf1 Ke5 78.
Kg2 Nf4+ 79. Kg3 Ne2+ 80. Kg2 Kf4 81. Rb3 Kg5 82. Ra3 Nf4+ 83. Kg3 Rd4 84. Ra8
Rd3+ 85. Kh2 Nh3 0-1

[Event "SR 4. liga A21 2012/2013"]
[Site "?"]
[Date "2012.10.28"]
[Round "2.1"]
[White "Wallner, Juraj"]
[Black "Vagovic, Milan"]
[Result "1-0"]
[WhiteElo "1495"]
[BlackElo "1725"]
[PlyCount "45"]
[EventDate "2012.??.??"]

1. e4 e5 2. Nf3 Nc6 3. Bc4 Nf6 4. Nc3 Bc5 5. a3 O-O 6. d3 h6 7. Be3 Bxe3 8.
fxe3 d6 9. h3 Ne7 10. g4 Ng6 11. g5 hxg5 12. Nxg5 Nh7 13. Nf3 Be6 14. Qe2 Bxc4
15. dxc4 Nh4 16. O-O-O Nxf3 17. Qxf3 Qh4 18. Rdg1 Ng5 19. Qf5 Ne6 20. Rg4 Qh7
21. Nd5 Qxf5 22. exf5 Nc5 23. Ne7+ 1-0

[Event "SR 4. liga A21 2012/2013"]
[Site "?"]
[Date "2012.10.28"]
[Round "2.2"]
[White "Damborsky, Pavol"]
[Black "Sottnik, Filip"]
[Result "0-1"]
[WhiteElo "1794"]
[BlackElo "1503"]
[PlyCount "44"]
[EventDate "2012.??.??"]

1. c4 e5 2. Nc3 Nf6 3. g3 d5 4. cxd5 Nxd5 5. Bg2 Be6 6. Nxd5 Bxd5 7. e4 Be6 8.
Ne2 Nc6 9. O-O Qd7 10. b3 O-O-O 11. Nc3 Bc5 12. Nd5 h5 13. Kh1 h4 14. Bb2 Bg4
15. Qe1 hxg3 16. fxg3 Rxh2+ 17. Kxh2 Rh8+ 18. Bh3 Bxh3 19. Rf2 Bf1+ 20. Kg1
Rh1+ 21. Kxh1 Qh3+ 22. Rh2 Bg2# 0-1

[Event "SR 4. liga A21 2012/2013"]
[Site "?"]
[Date "2012.10.28"]
[Round "2.2"]
[White "Hornik, Andrej"]
[Black "Dubecky, Ladislav"]
[Result "0-1"]
[WhiteElo "1366"]
[BlackElo "1557"]
[PlyCount "130"]
[EventDate "2012.??.??"]

1. e4 e5 2. Nf3 d6 3. Bc4 Nf6 4. Nc3 Bg4 5. O-O Be7 6. h3 Bh5 7. Be2 Bg6 8. d3
Nc6 9. Be3 a6 10. Nh4 Nxe4 11. Nxg6 Nxc3 12. bxc3 fxg6 13. Bf3 d5 14. Rb1 b5
15. c4 bxc4 16. dxc4 e4 17. Be2 d4 18. Bf4 O-O 19. Bg3 Nb4 20. Rb2 Nc6 21. Qb1
Bd6 22. Bxd6 Qxd6 23. Rb3 a5 24. a4 Rf5 25. Qa2 Kh8 26. Rb5 Raf8 27. Bg4 R5f6
28. Rd5 Nb4 29. Rxd6 Nxa2 30. Rxd4 e3 31. f4 h5 32. Be2 Nc3 33. Bd3 e2 34. Re1
Rxf4 35. Rxf4 Rxf4 36. Bxg6 Rxc4 37. Bxh5 Rxa4 38. Bxe2 Nxe2+ 39. Rxe2 Rc4 40.
Kf2 a4 41. g4 a3 42. g5 Kh7 43. Kg3 a2 44. Re1 Rxc2 45. Kg4 Kg6 46. h4 Rc4+ 47.
Kg3 Kh5 48. Ra1 Rc2 49. Kf4 c5 50. Ke3 Kxh4 51. Kd3 Rh2 52. Kc4 Kxg5 53. Kxc5
Kf4 54. Kd4 Kf3 55. Kd3 g5 56. Rf1+ Rf2 57. Re1 g4 58. Re3+ Kg2 59. Re1 g3 60.
Ke3 Rb2 61. Rd1 Rb3+ 62. Ke4 Ra3 63. Ra1 Kf2 64. Rc1 g2 65. Rc2+ Kg3 0-1

[Event "SR 4. liga A21 2012/2013"]
[Site "?"]
[Date "2012.10.28"]
[Round "2.2"]
[White "Kovarik, Oto"]
[Black "Drahos, Miroslav"]
[Result "0-1"]
[WhiteElo "1979"]
[BlackElo "1652"]
[PlyCount "136"]
[EventDate "2012.??.??"]

1. e4 e5 2. Nf3 Nc6 3. Bb5 f5 4. d3 fxe4 5. dxe4 Nf6 6. O-O Bc5 7. Bxc6 bxc6 8.
Nxe5 O-O 9. Nc3 Qe8 10. Nd3 Bb6 11. e5 Nd5 12. Nxd5 cxd5 13. c3 Ba6 14. Qe2 Qg6
15. Rd1 Rxf2 16. Qxf2 Bxf2+ 17. Nxf2 Be2 18. Re1 Bf3 19. g3 Qc2 20. b3 Qxc3 21.
Ba3 Re8 22. Rac1 Qa5 23. Re3 Qxa3 24. Rc2 Bh5 25. Rxc7 Bf7 26. Rc2 d4 27. Re1
Bg6 28. Rd2 Qb4 29. Red1 Rxe5 30. Rxd4 Re1+ 31. Kg2 Qb7+ 32. Kh3 Rxd1 33. Rxd1
Bf5+ 34. Kh4 Qf3 35. Rd2 g6 36. g4 g5+ 37. Kh5 Bxg4+ 38. Nxg4 Qc6 39. Kxg5 Qc1
40. Nf6+ Kf7 41. Ne4 d5 42. Kf5 Qc8+ 43. Ke5 dxe4 44. Kxe4 Qg4+ 45. Ke3 Ke6 46.
Re2 Kd5 47. Rd2+ Kc5 48. Rf2 h5 49. Rc2+ Kb5 50. Rf2 a5 51. a4+ Kc5 52. Rc2+
Kb6 53. Kd3 h4 54. Rf2 h3 55. Rc2 Qg2 56. Re2 Qf3+ 57. Re3 Qd1+ 58. Kc3 Qc1+
59. Kd3 Qg1 60. Ke4 Qxh2 61. Kd3 Qg2 62. Re6+ Qc6 63. Re2 Qd6+ 64. Kc2 h2 65.
Re1 Qg6+ 66. Kb2 Qg2+ 67. Ka3 h1=Q 68. b4 Qhh3+ 0-1

[Event "SR 4. liga A21 2012/2013"]
[Site "?"]
[Date "2012.10.28"]
[Round "2.2"]
[White "Moravec, Milan"]
[Black "Cerovsky, Marian"]
[Result "0-1"]
[WhiteElo "1566"]
[BlackElo "1764"]
[PlyCount "95"]
[EventDate "2012.??.??"]

1. d4 d5 2. c4 Nf6 3. cxd5 Qxd5 4. Nc3 Qd8 5. Nf3 c6 6. Bg5 Nd5 7. Nxd5 Qxd5 8.
h3 e6 9. Bf4 Bb4+ 10. Bd2 Bxd2+ 11. Qxd2 O-O 12. e3 Nd7 13. Bd3 Nf6 14. O-O b6
15. Qc2 Bb7 16. Qc4 Qh5 17. Ne5 c5 18. Be2 Qg5 19. Nf3 Bxf3 20. Bxf3 Rac8 21.
Rac1 Rc7 22. Qb5 Rfc8 23. b4 Nd7 24. Rc2 Qe7 25. Rfc1 e5 26. dxc5 bxc5 27. bxc5
Rxc5 28. Rxc5 Rxc5 29. Rxc5 Nxc5 30. Qb8+ Qf8 31. Qxa7 e4 32. Be2 h6 33. Bc4
Nd3 34. Qd4 Nc5 35. a4 Nxa4 36. Bxf7+ Qxf7 37. Qxa4 Qd5 38. Qd4 Qc6 39. Kh2 Kh7
40. Qe5 Qg6 41. g4 Kg8 42. Kg3 Kh8 43. Qc7 Qe8 44. Qf4 Kg8 45. f3 exf3 46. Qxf3
Qe5+ 47. Qf4 Qa1 48. Kh4 0-1

[Event "SR 4. liga A21 2012/2013"]
[Site "?"]
[Date "2012.10.28"]
[Round "2.2"]
[White "Pisecky, Jan"]
[Black "Miskev, Martin"]
[Result "1-0"]
[WhiteElo "1522"]
[BlackElo "1205"]
[PlyCount "59"]
[EventDate "2012.??.??"]

1. e4 e5 2. Bc4 Bc5 3. Nf3 Nc6 4. c3 d6 5. d3 Nf6 6. h3 h6 7. a4 a5 8. Nbd2 O-O
9. Nf1 Be6 10. Bxe6 fxe6 11. Be3 Nd7 12. Qb3 Bxe3 13. Qxe6+ Kh8 14. Nxe3 Nc5
15. Qc4 Ra6 16. b4 axb4 17. cxb4 Nxb4 18. O-O Nbxd3 19. Nf5 Nb2 20. Qb4 Nbxa4
21. N3h4 Qg5 22. f4 exf4 23. Rxf4 Rg8 24. Rg4 Qf6 25. Rf1 Qe6 26. Qd4 Qe5 27.
Ng6+ Kh7 28. Nxe5 dxe5 29. Qxe5 Ne6 30. Ne7 1-0

[Event "SR 4. liga A21 2012/2013"]
[Site "?"]
[Date "2012.10.28"]
[Round "2.3"]
[White "Capanda, Jan"]
[Black "Tomasovic, Martin"]
[Result "1-0"]
[WhiteElo "1423"]
[BlackElo "1479"]
[PlyCount "93"]
[EventDate "2012.??.??"]

1. e4 e5 2. Nf3 Nc6 3. Bc4 Bc5 4. O-O Nf6 5. d3 h6 6. a3 O-O 7. b4 Bb6 8. b5
Ne7 9. Nxe5 d6 10. Nf3 Bg4 11. Be3 Qd7 12. a4 c6 13. Nc3 d5 14. exd5 cxd5 15.
Bxb6 dxc4 16. Be3 Nf5 17. Ne5 Nxe3 18. Nxd7 Nxd1 19. Nxf6+ gxf6 20. Nxd1 cxd3
21. f3 Bf5 22. Ne3 Bg6 23. cxd3 Rfd8 24. Ra3 Rd7 25. Ng4 Kg7 26. Nf2 Rc8 27.
Re1 Rc2 28. Kf1 Rdc7 29. Re2 b6 30. Ne4 Bxe4 31. fxe4 R2c5 32. Kf2 Re7 33. d4
Rc4 34. Ke3 Rd7 35. Rd2 a6 36. a5 bxa5 37. Rxa5 axb5 38. Rxb5 Kg6 39. g3 h5 40.
h3 Rc3+ 41. Kf4 Rc4 42. Ke3 Rc3+ 43. Rd3 Rc2 44. Rc5 Rh2 45. Rc6 Rxh3 46. Kf3
Kg7 47. Kg2 1-0

[Event "SR 4. liga A21 2012/2013"]
[Site "?"]
[Date "2012.10.28"]
[Round "2.3"]
[White "Jablonicky, Martin"]
[Black "Krchnak, Rudolf"]
[Result "1-0"]
[WhiteElo "1827"]
[BlackElo "1857"]
[PlyCount "69"]
[EventDate "2012.??.??"]

1. e4 c5 2. c4 d6 3. Ne2 Nc6 4. d4 cxd4 5. Nxd4 Nf6 6. Nc3 g6 7. Be2 Bg7 8. Be3
O-O 9. f3 Bd7 10. Qd2 Nxd4 11. Bxd4 Bc6 12. O-O Qa5 13. Rfd1 Qc7 14. Rac1 b6
15. Nd5 Bxd5 16. cxd5 Qb7 17. Bb5 Rac8 18. Bc6 Qb8 19. Rc3 Ne8 20. a4 Bxd4+ 21.
Qxd4 Nf6 22. Rb3 Rfd8 23. a5 Nd7 24. Bxd7 Rxd7 25. axb6 Qb7 26. Ra1 a6 27. Rba3
Ra8 28. b4 Rdd8 29. b5 axb5 30. Ra7 Rxa7 31. Rxa7 Qc8 32. b7 Qc1+ 33. Kf2 Rb8
34. Ra8 Qc7 35. Qa7 1-0

[Event "SR 4. liga A21 2012/2013"]
[Site "?"]
[Date "2012.10.28"]
[Round "2.3"]
[White "Kavon, Rastislav"]
[Black "Bjel, Lubos"]
[Result "1-0"]
[WhiteElo "1943"]
[BlackElo "1668"]
[PlyCount "79"]
[EventDate "2012.??.??"]

1. e4 e6 2. d4 d5 3. e5 c5 4. c3 Nc6 5. Nf3 cxd4 6. cxd4 Bb4+ 7. Nc3 Nge7 8.
Bd3 Qb6 9. O-O Bd7 10. Bc2 Nf5 11. Bxf5 exf5 12. Nxd5 Qa5 13. Nxb4 Qxb4 14. b3
Be6 15. d5 O-O-O 16. Bd2 Rxd5 17. Bxb4 Rxd1 18. Rfxd1 Nxb4 19. a3 Nc6 20. b4 a6
21. Rac1 Re8 22. Nd4 Kc7 23. Nxe6+ fxe6 24. f4 h6 25. Kf2 Rd8 26. Rxd8 Kxd8 27.
Rc3 g5 28. g3 Ne7 29. h4 Nd5 30. Rc4 g4 31. Ke2 h5 32. Kd3 Kd7 33. a4 b5 34.
axb5 axb5 35. Rc5 Nxb4+ 36. Kd2 Nd5 37. Rxb5 Kc7 38. Kd3 Ne7 39. Kc4 Nd5 40.
Rxd5 1-0

[Event "SR 4. liga A21 2012/2013"]
[Site "?"]
[Date "2012.10.28"]
[Round "2.3"]
[White "Orvisky, Vladimir"]
[Black "Mackovic, Matus"]
[Result "0-1"]
[WhiteElo "1838"]
[BlackElo "1871"]
[PlyCount "187"]
[EventDate "2012.??.??"]

1. c4 Nf6 2. Nc3 g6 3. d4 Bg7 4. Nf3 O-O 5. e4 d6 6. Be2 Nbd7 7. O-O e5 8. d5
Ne8 9. Qc2 f5 10. Ng5 Nc5 11. b4 Nxe4 12. Ngxe4 fxe4 13. Nxe4 Bf5 14. Bd3 Bxe4
15. Bxe4 a5 16. b5 b6 17. Rb1 Nf6 18. Bf3 Qd7 19. h3 Qf5 20. Bd1 Qxc2 21. Bxc2
Nh5 22. g3 Rae8 23. Be3 Rf7 24. Rbe1 Rfe7 25. Kg2 Nf6 26. Re2 Nd7 27. Rfe1 Kf7
28. Bg5 Bf6 29. Bd2 Bg7 30. Bg5 Bf6 31. Bc1 Nc5 32. f3 Kg7 33. h4 Kf7 34. Kh3
Nd7 35. g4 e4 36. fxe4 Bc3 37. Rf1+ Kg8 38. Bg5 Rf7 39. Rxf7 Kxf7 40. Rf2+ Kg7
41. h5 h6 42. Be3 g5 43. Rf1 Rf8 44. Rxf8 Kxf8 45. Bd1 Kf7 46. Kg2 Kf6 47. Kf3
Ne5+ 48. Kf2 Nxc4 49. Be2 Ne5 50. Kg3 Nd7 51. Kf3 Ke5 52. Bf2 Bd2 53. a4 Nf6
54. Bd3 Bb4 55. Bc2 Bc5 56. Bg3+ Kd4 57. Bf2+ Kc3 58. Bxc5 bxc5 59. Bd1 Kd3 60.
Be2+ Kd4 61. Bd1 Nxe4 62. Bc2 Nf6 63. Bf5 Nxd5 64. Be6 Nc3 65. Bf5 Nxa4 66. Ke2
Nc3+ 67. Kd2 Nxb5 68. Bd7 Nc3 69. Kc2 d5 70. Kb3 c4+ 71. Kb2 Ne4 72. Ka3 Kc3
73. Ka2 Nc5 74. Bf5 d4 75. Bg6 d3 76. Kb1 d2 77. Bc2 a4 78. Bd1 Kd3 79. Kb2 c3+
80. Kb1 Nb3 81. Bc2+ Ke2 82. Ka2 d1=Q 83. Bxd1+ Kxd1 84. Kb1 Nc5 85. Ka1 c2 86.
Ka2 c1=B 87. Kb1 Nd3 88. Ka2 Nf2 89. Kb1 Nxg4 90. Ka2 Nf6 91. Kb1 Nxh5 92. Ka2
Ng7 93. Kb1 h5 94. Ka2 0-1

[Event "SR 4. liga A21 2012/2013"]
[Site "?"]
[Date "2012.10.28"]
[Round "2.3"]
[White "Podjavorinsky, Michal"]
[Black "Rau, Vladimir"]
[Result "1-0"]
[WhiteElo "1681"]
[BlackElo "1630"]
[PlyCount "92"]
[EventDate "2012.??.??"]

1. d4 d5 2. Bf4 Nf6 3. e3 Bf5 4. Bd3 Bxd3 5. Qxd3 Nbd7 6. Nc3 e6 7. Nb5 Bd6 8.
Bxd6 cxd6 9. Nxd6+ Ke7 10. Nxb7 Qb6 11. Qa3+ Nc5 12. Qxc5+ Kd7 13. Qxb6 axb6
14. Nf3 Kc7 15. Nc5 bxc5 16. dxc5 Nd7 17. b4 Kc6 18. Nd4+ Kc7 19. O-O Rhb8 20.
Rfb1 Ra4 21. a3 g6 22. c6 Nb6 23. b5 e5 24. Ne2 Rc4 25. c3 Ra4 26. Rb4 Rba8 27.
Rxa4 Rxa4 28. f4 e4 29. Kf2 Nc4 30. Ra2 Kb6 31. Nd4 Kc7 32. Ke2 Kb6 33. g4 Nd6
34. Ra1 h5 35. gxh5 gxh5 36. Kf2 h4 37. Kg2 Nc4 38. Nc2 Kxb5 39. c7 Nd6 40.
Rb1+ Kc6 41. Kh3 Kxc7 42. Rb4 Ra8 43. Kxh4 Rh8+ 44. Kg3 Rg8+ 45. Kf2 Nf5 46.
Nd4 Ne7 1-0

[Event "SR 4. liga A21 2012/2013"]
[Site "?"]
[Date "2012.10.28"]
[Round "2.4"]
[White "Berger, Patrik"]
[Black "Kubis, Ivan"]
[Result "1/2-1/2"]
[WhiteElo "1930"]
[BlackElo "2013"]
[PlyCount "41"]
[EventDate "2012.??.??"]

1. e4 e5 2. Nf3 Nc6 3. Bb5 a6 4. Ba4 Nf6 5. O-O Be7 6. Re1 b5 7. Bb3 O-O 8. h3
Bb7 9. c3 d5 10. exd5 Nxd5 11. Nxe5 Nxe5 12. Rxe5 Nf4 13. d4 Nxg2 14. Qg4 Nh4
15. Nd2 Bd6 16. Rh5 Ng6 17. Nf3 Qe7 18. Be3 Bc8 19. Qg2 Bb7 20. Qg4 Bc8 21. Qg2
1/2-1/2

[Event "SR 4. liga A21 2012/2013"]
[Site "?"]
[Date "2012.10.28"]
[Round "2.4"]
[White "Jarabek, Milan"]
[Black "Kubik, Peter"]
[Result "1/2-1/2"]
[WhiteElo "1663"]
[BlackElo "1862"]
[PlyCount "125"]
[EventDate "2012.??.??"]

1. e4 e5 2. Nf3 Nc6 3. d4 exd4 4. Bc4 Nf6 5. e5 d5 6. Bb5 Ne4 7. Nxd4 Bd7 8.
Bxc6 bxc6 9. O-O Bc5 10. f3 Ng5 11. f4 Ne6 12. c3 Qh4 13. Be3 Rb8 14. f5 Ng5
15. Rf4 Qh6 16. h4 Rxb2 17. hxg5 Qxg5 18. Qg4 Qxg4 19. Rxg4 Bxd4 20. Rxd4 Bxf5
21. Na3 Be4 22. Rd2 Rb7 23. Nc2 h5 24. Nb4 Kd7 25. a3 a5 26. Nd3 Bxd3 27. Rxd3
Ke6 28. Bd4 a4 29. Re3 Rb5 30. Ree1 c5 31. Bf2 c4 32. Rab1 Rhb8 33. Rb4 Rxb4
34. axb4 a3 35. Ra1 Ra8 36. Ra2 g5 37. Bd4 c6 38. Kf2 Kf5 39. Kf3 Ra6 40. Ke3
Ra8 41. Bb6 Kxe5 42. Ba5 f5 43. Rxa3 f4+ 44. Ke2 Ke4 45. Ra1 g4 46. Rh1 Rh8 47.
Rh4 Kf5 48. Bb6 Kg5 49. Rh1 Ra8 50. Rd1 Ra2+ 51. Rd2 Rxd2+ 52. Kxd2 Kf5 53. Ke2
Ke4 54. Bd8 d4 55. cxd4 Kxd4 56. Bf6+ Ke4 57. Kd2 f3 58. gxf3+ Kxf3 59. Kc3 g3
60. Kxc4 h4 61. Bxh4 g2 62. Kc5 g1=Q+ 63. Kxc6 1/2-1/2

[Event "SR 4. liga A21 2012/2013"]
[Site "?"]
[Date "2012.10.28"]
[Round "2.4"]
[White "Vach, Jozef"]
[Black "Harasta, Juraj"]
[Result "1/2-1/2"]
[WhiteElo "1793"]
[BlackElo "1698"]
[PlyCount "73"]
[EventDate "2012.??.??"]

1. d4 d5 2. Nf3 Bg4 3. Ne5 Bh5 4. g4 Bg6 5. h4 f6 6. Nxg6 hxg6 7. Qd3 g5 8.
Qb5+ Nc6 9. h5 Rb8 10. e3 e6 11. Nd2 Bb4 12. c3 Bd6 13. b4 Nge7 14. Bg2 Qd7 15.
a3 e5 16. Qe2 a5 17. b5 Na7 18. a4 b6 19. f3 c6 20. Bf1 cxb5 21. axb5 Rc8 22.
Bb2 Rc7 23. Rc1 Kf7 24. Kf2 exd4 25. exd4 Bf4 26. Rb1 Nxb5 27. c4 Nd6 28. Ba3
Bxd2 29. Bxd6 Qxd6 30. Qxd2 dxc4 31. Qc3 Rc6 32. Bxc4+ Nd5 33. Qb3 Rd8 34. Rbc1
Kf8 35. Bxd5 Rxc1 36. Rxc1 Qxd5 37. Qxb6 1/2-1/2

[Event "SR 4. liga A21 2012/2013"]
[Site "?"]
[Date "2012.10.28"]
[Round "2.4"]
[White "Vogl, Zdenek"]
[Black "Vepy, Ivan"]
[Result "0-1"]
[WhiteElo "1945"]
[BlackElo "1921"]
[PlyCount "82"]
[EventDate "2012.??.??"]

1. e4 e5 2. Nf3 Nc6 3. Bb5 a6 4. Ba4 Nf6 5. O-O Be7 6. Re1 b5 7. Bb3 O-O 8. c3
d6 9. h3 h6 10. a4 b4 11. Bd5 Bb7 12. Qb3 Nxd5 13. exd5 Na5 14. Qxb4 c5 15.
dxc6 Bxc6 16. Qg4 Nb3 17. Ra3 Rb8 18. d3 Nxc1 19. Rxc1 Rxb2 20. Nbd2 Kh8 21.
Rb3 Rxb3 22. Nxb3 f5 23. Qc4 Bxf3 24. gxf3 Bg5 25. Rb1 Bf4 26. Qxa6 Qh4 27. Kf1
e4 28. dxe4 fxe4 29. fxe4 Be3 30. Ke2 Qxe4 31. fxe3 Qxb1 32. Nd2 Qg6 33. a5
Qg2+ 34. Kd3 Qd5+ 35. Ke2 Ra8 36. Qc4 Qg2+ 37. Kd3 Rxa5 38. Qc8+ Kh7 39. Qe6
Rd5+ 40. Kc4 Rxd2 41. Qf5+ Qg6 0-1

[Event "SR 4. liga A21 2012/2013"]
[Site "?"]
[Date "2012.10.28"]
[Round "2.4"]
[White "Zlamal, Marek"]
[Black "Baumgartner, Milan"]
[Result "1/2-1/2"]
[WhiteElo "1551"]
[BlackElo "1558"]
[PlyCount "48"]
[EventDate "2012.??.??"]

1. e4 e5 2. Nf3 Nc6 3. Bc4 Bc5 4. d3 h6 5. a3 d6 6. h3 Nf6 7. b4 Bb6 8. O-O O-O
9. Be3 Be6 10. Nbd2 Qd7 11. Kh2 Bxe3 12. fxe3 g5 13. Nxg5 Nh7 14. Nxh7 Kxh7 15.
Rf6 Rg8 16. Qh5 Rg6 17. Raf1 Bxc4 18. Nxc4 Rf8 19. g4 Kg7 20. Qh4 Ne7 21. Rxg6+
Nxg6 22. Qf6+ Kh7 23. d4 Qc6 24. Nd2 Qxc2 1/2-1/2

[Event "SR 4. liga A21 2012/2013"]
[Site "?"]
[Date "2012.10.28"]
[Round "2.5"]
[White "Blatnicky, Miroslav"]
[Black "Diviak, Rastislav"]
[Result "0-1"]
[WhiteElo "2117"]
[BlackElo "2017"]
[PlyCount "88"]
[EventDate "2012.??.??"]

1. d4 Nf6 2. c4 g6 3. Nc3 Bg7 4. e4 d6 5. f4 O-O 6. Bd3 c5 7. d5 e6 8. Nge2
exd5 9. exd5 Bg4 10. O-O Re8 11. f5 Nbd7 12. fxg6 hxg6 13. h3 Bxe2 14. Bxe2 Ne4
15. Nxe4 Rxe4 16. Qc2 Qe7 17. Bd3 Re1 18. Bf4 Rxa1 19. Rxa1 Qf6 20. Be3 Qxb2
21. Qxb2 Bxb2 22. Rb1 Bd4 23. Bxd4 cxd4 24. Rxb7 Nc5 25. Rb3 Nxb3 26. axb3 Rb8
27. Bc2 d3 28. Bd1 Re8 29. Kf2 d2 30. Be2 a5 31. Kf3 Re5 32. h4 f5 33. g3 Kf7
34. Kf2 Ke7 35. Kf3 Kd7 36. Kf2 Kc7 37. Kf3 Kb6 38. Kf2 Kc5 39. h5 gxh5 40. Kf1
Kb4 41. Bxh5 Re1+ 42. Kf2 d1=Q 43. Bxd1 Rxd1 44. Ke3 Kxb3 0-1

[Event "SR 4. liga A21 2012/2013"]
[Site "?"]
[Date "2012.10.28"]
[Round "2.5"]
[White "Gasa, Patrik"]
[Black "Bjel, Jan"]
[Result "1-0"]
[WhiteElo "1906"]
[BlackElo "1875"]
[PlyCount "87"]
[EventDate "2012.??.??"]

1. d4 Nf6 2. c4 e6 3. Nf3 d5 4. Nc3 Be7 5. Bg5 O-O 6. e3 b6 7. Bd3 dxc4 8. Bxc4
Bb7 9. O-O c5 10. Rc1 cxd4 11. Nxd4 Ne4 12. Bxe7 Qxe7 13. Nxe4 Bxe4 14. Qg4 Bb7
15. Rfd1 Nd7 16. Nxe6 fxe6 17. Qxe6+ Qxe6 18. Bxe6+ Kh8 19. Rxd7 Bc8 20. Rd6
Bxe6 21. Rxe6 Rfd8 22. Rec6 h6 23. Kf1 Kh7 24. Ke2 b5 25. Rd1 Re8 26. Rd7 Re5
27. f4 Re4 28. Rd4 Re7 29. e4 Rf8 30. Ke3 g5 31. g3 gxf4+ 32. gxf4 Rg8 33. Rc2
Rg1 34. e5 Kg7 35. Rdd2 Kf7 36. Ke4 Re1+ 37. Re2 Rd1 38. f5 Rb7 39. Rg2 Re1+
40. Rce2 Ra1 41. e6+ Kf8 42. f6 Rf1 43. Ke5 b4 44. e7+ 1-0

[Event "SR 4. liga A21 2012/2013"]
[Site "?"]
[Date "2012.10.28"]
[Round "2.5"]
[White "Lajda, Dusan"]
[Black "Diviak, Rudolf"]
[Result "1/2-1/2"]
[WhiteElo "1838"]
[BlackElo "1852"]
[PlyCount "28"]
[EventDate "2012.??.??"]

1. e4 g6 2. d4 Bg7 3. Nc3 d6 4. Be3 c6 5. a4 Qa5 6. Bd3 Qb6 7. Nge2 Nd7 8. Rb1
Ngf6 9. h3 Qc7 10. O-O e5 11. f4 O-O 12. d5 exf4 13. Bxf4 Nh5 14. Be3 Ne5
1/2-1/2